000 00711nam a2200241 a 4500
008
020 _a0120176270(hbk)
049 _aMAIN
090 _aQH426.A2445
245 1 0 _aGenetic regulatoty hierarchies in development :
_b [edited by ]Theodore R.F.Wright.
260 _aSan Diego:
_b Academic Press,
_c1990
300 _axii,468 p.:
_bill. ;
_c24cm.
650 _aCell differentiation
650 _aGene expression regulation
650 _aSex determination
650 1 _aGenes
700 _aWright,Theodore R.F.
907 _a.b10196419
_b29-03-06
_c20-03-06
003
005 20230123134201.0
040 _cNUST
942 _cBOOKS
_kQH426.A2445
999 _c161505
_d161505